| 000 | 00365nam a22001457a 4500 | ||
|---|---|---|---|
| 003 | OSt | ||
| 008 | 211008b ||||| |||| 00| 0 eng d | ||
| 020 | _a8170234638 | ||
| 082 |
_a511.5 _bCLA/GR |
||
| 100 |
_aCLARK, JOHN _95103 |
||
| 100 |
_aHolton,Derek , Allan _95104 |
||
| 245 | _aA first look at graph theory | ||
| 260 |
_bAllied pubishers ltd _c1995 |
||
| 942 | _cBK | ||
| 999 |
_c17448 _d17448 |
||